Capitals of Southern Europe - Statistics

General Stats
  • This quiz has been taken 28 times
  • The average score is 7 of 8
Answer Stats
Country Capital % Correct
Greece Athens
100%
Spain Madrid
100%
Italy Rome
100%
Vatican City Vatican City
100%
San Marino San Marino
93%
Portugal Lisbon
86%
Malta Valletta
86%
Cyprus Nicosia
71%
No matching quizzes found
Score Distribution
Percent of People with Each Score
Percentile by Number Answered
Your Score History
You have not taken this quiz